| 000 | 01141nam a22004210a 4500 | ||
|---|---|---|---|
| 001 | PT46231 | ||
| 003 | AR-LpoUNG | ||
| 005 | 20210131231109.0 | ||
| 008 | 191001s2010||||ag |||||||||||||||||spa d | ||
| 020 |
_a9789872502621 _c$17 |
||
| 040 |
_aAR-LpoUNG _bspa _cAR-LpoUNG _eaacr |
||
| 041 | _aspa | ||
| 044 | _aag | ||
| 082 | 0 | _a982.062 617soc | |
| 100 | 1 | _aGolbert, Laura | |
| 245 | 1 | 0 | _aDe la sociedad de beneficencia a los derechos sociales |
| 250 | _a1ra. ed. | ||
| 260 |
_aBuenos Aires : _bMinisterio de Trabajo, Empleo y Seguridad Social, _c2010. |
||
| 300 |
_a170 p. : _btbls., fot. |
||
| 650 | 4 | _aANALISIS DE GENERO | |
| 650 | 4 | _aANALISIS HISTORICO | |
| 650 | 4 | _aARGENTINA | |
| 650 | 4 | _aBIENESTAR SOCIAL | |
| 650 | 4 | _aHISTORIA SOCIAL | |
| 650 | 4 | _aMUJERES | |
| 650 | 4 | _aPOLITICA SOCIAL | |
| 650 | 4 | _aROL DE LA MUJER | |
| 650 | 4 | _aSALUD PUBLICA | |
| 650 | 4 | _aSERVICIOS SOCIALES | |
| 650 | 4 | _aSTATUS DE LA MUJER | |
| 650 | 4 | _aTRABAJADORAS | |
| 653 | _aASIGNACION UNIVERSAL POR HIJO | ||
| 653 | _aAUP | ||
| 653 | _aPERONISMO | ||
| 700 | 1 |
_aRoca, Emilia E. _eprĂ³l. |
|
| 905 | _a46231 | ||
| 942 | _cLSALA | ||
| 999 |
_c7977 _d7977 |
||